Oscar du meilleur film 1990-2023 - Statistiques

Statistiques générales
  • Ce quiz a été pris 70 fois
  • Le résultat moyen est 11 sur 34
Statistiques - réponses
Hint Réponse % Correct
2020 Parasite
63%
1998 Titanic
63%
1995 Forrest Gump
53%
2012 The Artist
51%
2023 Everything Everywhere All at Once
47%
2001 Gladiator
46%
2022 Coda
42%
2019 Green Book
42%
2004 Le seigneur des anneaux : Le Retour du roi
42%
1994 La liste de Schindler
40%
1992 Le silence des agneaux
39%
2017 Moonlight
39%
2018 La Forme de l'eau
35%
2000 American beauty
33%
2013 Argo
30%
2021 Nomadland
28%
2015 Birdman
26%
2007 Les Infiltrés
26%
2008 No Country for Old Men
26%
1999 Shakespeare in love
26%
2005 Million Dollar Baby
25%
2003 Chicago
23%
2011 Le Discours d'un roi
23%
2016 Spotlight
23%
2009 Slumdog Millionaire
21%
2014 Twelve Years a Slave
21%
1991 Danse avec les loups
19%
2010 Démineurs
19%
1990 Miss Daisy et son chauffeur
19%
2002 Un homme d'exception
19%
1996 Braveheart
18%
1993 Impitoyable
18%
1997 Le patient anglais
18%
2006 Collision
14%
Aucun quiz correspondant
Distribution des résultats
% des personnes avec chaque résultat
Percentile par nombre de réponses
Votre historique - résultats
Vous n’avez pas pris ce quiz